Giải phẫu học

Αποθηκεύτηκε σε:
Λεπτομέρειες βιβλιογραφικής εγγραφής
Κύριος συγγραφέας: Quách, Văn Tỉnh
Μορφή: Βιβλίο
Γλώσσα:Undetermined
Έκδοση: H. ĐHSP 2003
Θέματα:
Διαθέσιμο Online:http://lrc.tdmu.edu.vn/opac/search/detail.asp?aID=2&ID=5546
Ετικέτες: Προσθήκη ετικέτας
Δεν υπάρχουν, Καταχωρήστε ετικέτα πρώτοι!
Thư viện lưu trữ: Trung tâm Học liệu Trường Đại học Thủ Dầu Một
LEADER 00543nam a2200193Ia 4500
001 TDMU_5546
008 210410s9999 xx 000 0 und d
082 |a 611 
090 |b QU 
100 |a Quách, Văn Tỉnh 
245 0 |a Giải phẫu học 
245 0 |c Quách Văn Tỉnh 
260 |a H. 
260 |b ĐHSP 
260 |c 2003 
300 |a 259tr. 
650 |a Giải phẫu học 
856 |u http://lrc.tdmu.edu.vn/opac/search/detail.asp?aID=2&ID=5546 
980 |a Trung tâm Học liệu Trường Đại học Thủ Dầu Một